Paroles - Clair-Obscur : Expédition 33 - Une vie à t'aimer - Statistiques

Statistiques générales
  • Ce quiz a été pris 353 fois
  • Le résultat moyen est 55 sur 84
Statistiques - réponses
Paroles % Correct
Arrête de m’{aimer}
97%
Je t’{aimerai} toujours
97%
Lâche ce pinceau, quitte cette {toile}, Renoir / Aline
97%
Lâche ce pinceau, quitte cette {toile}, Renoir / Aline
95%
Arrête de {peindre}
91%
Je t'{aime}
89%
{Peindre} l'amour
87%
Je t'{aime}
86%
{Peindre} l'amour
86%
{Peindre} la vie
86%
{Peindre} la vie
86%
Je {peindrai} toujours
83%
{Pleurer} en couleur
83%
{Pleurer} en couleur
83%
Sur la toile notre {amour} demeure / se meurt
83%
Tableau que je ne peux {voir}
83%
Sur la toile notre {amour} demeure / se meurt
82%
Tendre la {main} et t'implorer
79%
Continuer de {peindre}
78%
L’aimer toujours, même s'il n'est plus {ici}
78%
Tendre la {main} et t'implorer
78%
Continuer de {peindre}
77%
{Continuer} à t'aimer
76%
Rouge {feu}, vie ôtée
76%
Dans chaque {couleur}, une part de lui
75%
En noir, ses {yeux} tristes
75%
Couleurs {embrasées}
74%
Fermer les yeux, {reste} le noir
74%
Peinture, au Clair-{Obscur}
74%
{Continuer} à t'aimer
73%
Lâche ce pinceau, quitte cette {toile}, Renoir / Aline
71%
Peinture, au Clair-{Obscur}
71%
{Reviens}
71%
Arrête de m'{aimer}
70%
Je t’{aimerai} toujours
70%
Lâche ce pinceau, quitte cette {toile}, Renoir / Aline
70%
{Reviens}
70%
Arrête de {peindre}
68%
Ta {main} dans la mienne
68%
À travers l’or, son {rire} persiste
66%
Je {peindrai} toujours
65%
Je t'{aime}
64%
Dans chaque ombre, son {visage}
63%
{Peindre} l'amour
63%
{Peindre} l'amour
63%
{Peindre} la vie
63%
{Peindre} la vie
63%
Rouge {feu}, vie ôtée
63%
Dans chaque éclat, son doux {rire}
62%
{Pleurer} en couleur
62%
Couleurs {embrasées}
61%
{Peindre} l'amour
61%
{Pleurer} en couleur
61%
{Verso} effacé
61%
Ensemble, dans le {noir}
60%
{Peindre} la vie
60%
{Verso} enlacé
60%
Ouvrons les yeux, cherchons l’{espoir}
59%
{Pleurer} en couleur
59%
Aimer, {rêver}, pleurer
58%
Aimer, {rêver}, pleurer
55%
Si nos {pulsations} jouent à contretemps
52%
Aimer, {rester}, pleurer
51%
{Alicia}, au Clair-Obscur
51%
{Aline}, au Clair-Obscur
51%
Dans chaque {couleur}, son sourire
51%
{Renoir}, au Clair-Obscur
51%
Si nos {pulsations} jouent à contretemps
51%
{Verso}, au Clair-Obscur
51%
{Adieu}
48%
{Adieu}
48%
{Adieu}
48%
Ensemble, au {futur}
48%
Nous {peindrons} le Clair-Obscur
48%
Sur la toile notre vie s'{écrit}
48%
Sur la toile notre vie s’{écrit}
47%
Sur la toile notre vie s’{écrit}
47%
Mon amour {reste}, attend
46%
Peinture, {rature}
43%
Aimer, {lâcher}, pleurer
40%
Peinture, {brisure}
39%
Mon amour {veille}, attend
35%
Dans chaque {ligne}, son passage
31%
Notre {peine} s’égrène
29%
Aucun quiz correspondant
Distribution des résultats
% des personnes avec chaque résultat
Percentile par nombre de réponses
Votre historique - résultats
Vous n’avez pas pris ce quiz